000 00536nam a2200193Ia 4500
005 20250508152905.0
008 008 250505s9999 xx 000 0 eng d
037 _aTextual
040 _aFEDL
_beng
_cFEDL
041 _aeng
_2eng
084 _a343.5974811, GRE
_qFEDL
100 _aGreen Edward
245 0 _aJudicial attitudes in sentencing
260 _aLondon, UK
_bMacmillan and Co. Ltd.
_c1961
300 _aviii,149p.
650 _aLaw
942 _cTEXL
_h343.5974811, GRE
999 _c1339429
_d1339429